[Event "CRO-ch U13"]
[Site "Trogir"]
[Date "2022.06.22"]
[Round "1"]
[White "Brlekovic, Dominik1111"]
[Black "Poljan, Max"]
[Result "0-1"]
[WhiteElo "1821"]
[BlackElo "1650"]
[PlyCount "68"]
[EventDate "2022.06.22"]
[EventType "swiss"]
[EventRounds "9"]
[EventCountry "CRO"]
[SourceTitle "CBM 209 Extra"]
[Source "ChessBase"]
[SourceDate "2022.09.30"]
[SourceVersion "1"]
[SourceVersionDate "2022.09.30"]
[SourceQuality "1"]

1. d4 Nf6 2. Nc3 d5 3. Nf3 e6 4. a3 c5 5. e3 a6 6. a4 Nc6 7. Be2 Qb6 8. b3 cxd4 9. exd4 Bb4 10. Qd3 Ne4 11. Bd2 Nxd2 12. Nxd2 Qxd4 13. Ndb1 Qxd3 14. Bxd3 d4 15. Kd2 dxc3+ 16. Ke3 Bc5+ 17. Ke2 Nd4+ 18. Kf1 Bb4 19. Na3 b5 20. g3 Bb7 21. Rg1 Nf3 22. axb5 axb5 23. Bxb5+ Ke7 24. Ba4 Nxg1 25. Kxg1 Bxa3 26. Rxa3 Rhd8 27. Ra1 Bc6 28. h3 Bxa4 29. bxa4 Rd2 30. Ra2 Kd6 31. Kg2 Kc5 32. Kf3 Kb4 33. Ra1 Rxc2 34. Rb1+ Rb2 0-1

[Event "CRO-chT U16"]
[Site "Crikvenica"]
[Date "2021.12.18"]
[Round "2.4"]
[White "Zugec, Petar"]
[Black "Poljan, Max"]
[Result "1/2-1/2"]
[WhiteElo "1284"]
[BlackElo "1599"]
[PlyCount "34"]
[EventDate "2021.12.18"]
[EventType "team-tourn"]
[EventRounds "7"]
[EventCountry "CRO"]
[SourceTitle "CBM 206 Extra"]
[Source "ChessBase"]
[SourceDate "2022.03.31"]
[SourceVersion "1"]
[SourceVersionDate "2022.03.31"]
[SourceQuality "1"]
[WhiteTeam "Sveta Nedelja"]
[BlackTeam "Strigova Stridon"]
[WhiteTeamCountry "CRO"]
[BlackTeamCountry "CRO"]

1. e4 c5 2. Nf3 e6 3. b3 Nc6 4. Bb2 d6 5. Nc3 Nf6 6. d4 cxd4 7. Nxd4 a6 8. Nxc6 bxc6 9. Bd3 d5 10. exd5 cxd5 11. 0-0 Be7 12. Qf3 0-0 13. Ne2 Qc7 14. Rae1 e5 15. Bf5 e4 16. Qh3 Bxf5 17. Qxf5 Qxc2 1/2-1/2

[Event "CRO-ch U13"]
[Site "Trogir"]
[Date "2021.06.23"]
[Round "7"]
[White "Gal, Andrej"]
[Black "Poljan, Max"]
[Result "1-0"]
[WhiteElo "1770"]
[BlackElo "1652"]
[PlyCount "59"]
[EventDate "2021.06.18"]
[EventType "swiss"]
[EventRounds "9"]
[EventCountry "CRO"]
[SourceTitle "EXT 2022"]
[Source "ChessBase"]
[SourceDate "2021.10.06"]
[SourceVersion "1"]
[SourceVersionDate "2021.10.06"]
[SourceQuality "1"]

1. d4 Nf6 2. c4 e6 3. Nc3 b6 4. Nf3 Bb7 5. e3 Be7 6. Bd3 d5 7. cxd5 exd5 8. 0-0 0-0 9. Qc2 c5 10. b3 Nc6 11. a3 h6 12. Bb2 cxd4 13. exd4 a6 14. Rfe1 Bd6 15. b4 b5 16. Qb3 Qb6 17. Rad1 Ne7 18. h3 Bc8 19. Ne5 Be6 20. Bb1 Bxe5 21. dxe5 Nd7 22. Ne2 Qb7 23. Nd4 Nc6 24. Qd3 Rfe8 25. Qh7+ Kf8 26. Nxe6+ Rxe6 27. Bf5 Ree8 28. e6 Nf6 29. Qh8+ Ke7 30. Qxg7 1-0

[Event "CRO-ch U11"]
[Site "Trogir"]
[Date "2020.08.26"]
[Round "4"]
[White "Poljan, Max"]
[Black "Stajmaher, David"]
[Result "1-0"]
[WhiteElo "1608"]
[BlackElo "1085"]
[PlyCount "64"]
[EventDate "2020.08.24"]
[EventType "swiss"]
[EventRounds "9"]
[EventCountry "CRO"]
[SourceTitle "CBM 198 Extra"]
[Source "ChessBase"]
[SourceDate "2020.11.30"]
[SourceVersion "1"]
[SourceVersionDate "2020.11.30"]
[SourceQuality "1"]

1. c4 e6 2. g3 Nc6 3. Bg2 Bc5 4. e3 a6 5. Nc3 Nge7 6. Nge2 0-0 7. 0-0 d5 8. d4 Ba7 9. Qb3 Na5 10. Qc2 Nxc4 11. b3 Nb6 12. Ba3 Bd7 13. e4 Re8 14. Nf4 dxe4 15. Bxe4 Nf5 16. d5 Qf6 17. dxe6 fxe6 18. Nce2 c6 19. Bb2 Qf7 20. g4 Ne7 21. Bxh7+ Kf8 22. Ba3 Rec8 23. Ng6+ Ke8 24. Nxe7 Qxe7 25. Bxe7 Kxe7 26. Nf4 Rh8 27. Ng6+ Kd6 28. Nxh8 Rxh8 29. Rad1+ Kc7 30. Qg6 Rd8 31. Qxg7 Kc8 32. Be4 Kc7 1-0